Welcome to the Holygrace Academy Library

Please use search bar below to get started

FRIGHTMARES (Record no. 3390)

MARC details
000 -LEADER
fixed length control field 00288nam a22001337a 4500
020 ## - INTERNATIONAL STANDARD BOOK NUMBER
ISBN 0-671-53528-5
082 ## - DEWEY DECIMAL CLASSIFICATION NUMBER
Classification number 823
Item number KEH/F
100 ## - MAIN ENTRY--AUTHOR NAME
Personal name KEHRET, PEG
245 ## - TITLE STATEMENT
Title FRIGHTMARES
260 ## - PUBLICATION, DISTRIBUTION, ETC. (IMPRINT)
Place of publication NEW YORK
Name of publisher MINSTREL BOOK
Year of publication 1996
300 ## - PHYSICAL DESCRIPTION
Number of Pages 119
650 ## - SUBJECT ADDED ENTRY--TOPICAL TERM
Topical Term NOVEL
Geographic subdivision UNITED STATES
942 ## - ADDED ENTRY ELEMENTS (KOHA)
Koha item type Books
Holdings
Withdrawn status Lost status Collection code Home library Current library Shelving location Date acquired Source of acquisition Full call number Accession Number Koha item type
    Fiction Main Library Main Library SHELF-14G- ALPHABETICAL J,K,L --ENGLISH NOVELS & FICTIONS 01/05/2009 purchase 823 KEH/F 03634 Books